000 00282nam a22001217a 4500
008 170322b xxu||||| |||| 00| 0 eng d
041 _aeng
080 _a616.8
100 _a7
101 _aSHM
245 _aMIND AND BRAIN SCIENCES IN THE 21ST CENTURY
_cSOLSO, R.L
942 _2udc
_cBK
999 _c8383
_d8383